Hindu festivals (Record no. 6143)
[ view plain ]
| 000 -LEADER | |
|---|---|
| fixed length control field | 00729 a2200205 4500 |
| 005 - DATE AND TIME OF LATEST TRANSACTION | |
| control field | 20080826111730.0 |
| 010 ## - LCCN (DPL NO) | |
| LC control number | ENG-96494 |
| 020 ## - INTERNATIONAL STANDARD BOOK NUMBER | |
| Terms of availability | 215.00 |
| International Standard Book Number | 8175262974 |
| 035 ## - SYSTEM CONTROL NUMBER | |
| System control number | EN-80027 |
| 037 ## - SOURCE OF ACQUISITION | |
| Source of stock number/acquisition | DBAD / PUB |
| 082 ## - DEWEY DECIMAL CLASSIFICATION NUMBER | |
| Classification number | 394.26 |
| 100 ## - MAIN ENTRY--PERSONAL NAME | |
| Personal name | Mukundcharandas |
| 245 ## - TITLE STATEMENT | |
| Title | Hindu festivals |
| Statement of responsibility, etc | by Sadhu Mukundcharandas |
| Remainder of title | origin, sentiments & rituals |
| 260 ## - PUBLICATION, DISTRIBUTION, ETC. (IMPRINT) | |
| Place of publication, distribution, etc | Amdavad |
| Name of publisher, distributor, etc | Swaminarayan Aksharpith |
| Date of publication, distribution, etc | n.d |
| 270 ## - ADDRESS | |
| Address | Shahibaug, |
| City | Amdavad - 4. |
| 300 ## - PHYSICAL DESCRIPTION | |
| Extent | 308p. |
| Dimensions | 25cm (Hb ) |
| Accompanying material | photos |
| 500 ## - GENERAL NOTE | |
| General note | incldes index |
| 942 ## - ADDED ENTRY ELEMENTS (KOHA) | |
| Institution code [OBSOLETE] | dpl |
| Item type | English Books |
| Source of classification or shelving scheme | Dewey Decimal Classification |
| Call number suffix | MUK |
| Classification part | 394.26 |
| Withdrawn status | Lost status | Not for loan | Home library | Current library | Date acquired | Source of acquisition | Cost, normal purchase price | Full call number | Barcode | Copy number | Cost, replacement price | Koha item type |
|---|---|---|---|---|---|---|---|---|---|---|---|---|
| Not For Loan | D.B.Act.Division | D.B.Act.Division | 23/07/2010 | DBAD/PUB | 215.00 | 394.26 SAD | EN-80027 | 1 | 215.00 | English Books |
